| 000 | 00746nam a2200181 a 4500 | ||
|---|---|---|---|
| 008 | 120416s1982 ||||||||||||||||| || u | ||
| 050 | _aHC 59.7 Llo | ||
| 100 | _aLloyd, Peter | ||
| 245 | 1 | 2 | _aA Third World proletariat? |
| 260 |
_aLondon _bAllen & Unwin _c1982 |
||
| 300 | _a139p. | ||
| 350 | _a0.00 | ||
| 650 | 0 | _aECONOMICS | |
| 650 | _aPROLETARIAT--DEVELOPING COUNTRIES | ||
| 650 | _aWORKING CLASS--DEVELOPING COUNTRIES | ||
| 995 |
_aANNEX COLLECTION (Main Library) _D0.00 _e704510 _FCBU-MAIN LIBRARY (Kitwe) _H1 _I0.00 _jHC 59.7 Llo _M1 _UAVAILABLE _y002087 _ZAnnex Low-Usage Collection |
||
| 995 |
_aMAIN LIBRARY OPEN ACCESS _D0.00 _e704511 _FCBU-MAIN LIBRARY (Kitwe) _H2 _I0.00 _jHC 59.7 Llo _M2 _UAVAILABLE _y002086 _ZMain Library Open Access Collection |
||
| 999 |
_c81307 _d81307 |
||